|
|
|
|
| LEADER |
01071nam a2200229 i 4500 |
| 003 |
GR-PaULI |
| 005 |
20231127134119.0 |
| 008 |
170808s1999 gr ||||g |||| 00| 1 gre d |
| 020 |
|
|
|a 9600324603
|
| 040 |
|
|
|a GR-PaULI
|b gre
|c GR-PaULI
|e AACR2
|
| 041 |
1 |
|
|a gre
|k eng
|
| 082 |
0 |
4 |
|2 23
|a 889.334
|
| 100 |
1 |
|
|a Χαβιαράς, Στρατής,
|d 1935-2020
|e συγγραφέας
|9 143286
|
| 245 |
1 |
3 |
|a Τα ηρωικά χρόνια :
|b μυθιστόρημα /
|c Στρατής Χαβιάρας ; μετάφραση Τατιάνα Αβέρωφ-Ιωάννου.
|
| 260 |
|
|
|a Αθήνα :
|b Καστανιώτης,
|c 1999.
|
| 300 |
|
|
|a 435 σ. ;
|c 21 εκ.
|
| 700 |
1 |
|
|a Αβέρωφ-Ιωάννου, Τατιάνα,
|d 1954-
|e μεταφραστής
|9 32308
|
| 765 |
0 |
8 |
|i Μετάφραση του:
|t The heroic age
|
| 942 |
|
|
|2 ddc
|c BK15
|
| 952 |
|
|
|0 0
|1 0
|2 ddc
|4 0
|6 889_334000000000000_ΧΑΒ
|7 0
|9 214564
|a LISP
|b LISP
|c DON
|d 2017-08-08
|e ΒΑΛ
|i 129295
|l 0
|o 889.334 ΧΑΒ
|p 025000247578
|r 2017-08-08 00:00:00
|t 1
|v 2017.00
|w 2017-08-08
|y BK15
|
| 998 |
|
|
|c ΣΑΤΛΑΝΗΣ
|d 2017-08
|
| 999 |
|
|
|c 130400
|d 130400
|